Jainism: (Record no. 22559)

MARC details
000 -LEADER
fixed length control field 00874nam a22002417a 4500
008 - FIXED-LENGTH DATA ELEMENTS--GENERAL INFORMATION
fixed length control field 090128t xxu||||| |||| 00| 0 eng d
010 ## - LCCN (DPL NO)
LC control number ENG-92667
020 ## - INTERNATIONAL STANDARD BOOK NUMBER
Terms of availability 300.00
International Standard Book Number 9788188769346
035 ## - SYSTEM CONTROL NUMBER
System control number EN-76200
037 ## - SOURCE OF ACQUISITION
Source of stock number/acquisition DBAD / PUB
040 ## - CATALOGING SOURCE
Original cataloging agency dpl
Language of cataloging English
082 ## - DEWEY DECIMAL CLASSIFICATION NUMBER
Classification number 240
100 ## - MAIN ENTRY--PERSONAL NAME
Personal name Patil, Bal
245 ## - TITLE STATEMENT
Title Jainism:
Statement of responsibility, etc by Bal Patil; edited by Manish Modi and Tony Whittington
Remainder of title an eternal pilgrimage /
260 ## - PUBLICATION, DISTRIBUTION, ETC. (IMPRINT)
Place of publication, distribution, etc Mumbai
Name of publisher, distributor, etc Hindi Granth Karyalay
Date of publication, distribution, etc 2008
270 ## - ADDRESS
Address 9 Hirabaug CP Tank,
City Mumbai
Postal code 400004
300 ## - PHYSICAL DESCRIPTION
Extent 100p.
Dimensions 22cm (Hb)
490 ## - SERIES STATEMENT
Series statement Pandit Nathuram Premi research series; vol. 23
700 ## - ADDED ENTRY--PERSONAL NAME
Personal name Modi, Manish
700 ## - ADDED ENTRY--PERSONAL NAME
Personal name Whittington, Tony
942 ## - ADDED ENTRY ELEMENTS (KOHA)
Source of classification or shelving scheme Dewey Decimal Classification
Item type English Books
Call number suffix PAT
Classification part 240
Holdings
Withdrawn status Lost status Source of classification or shelving scheme Damaged status Not for loan Collection code Home library Current library Date acquired Source of acquisition Cost, normal purchase price Total Checkouts Full call number Barcode Date last seen Copy number Cost, replacement price Koha item type
    Dewey Decimal Classification   Not For Loan Non-fiction D.B.Act.Division D.B.Act.Division 28/01/2009 DBAD / PUB 300.00   240 PAT EN-76200 28/01/2009 1 300.00 English Books

© Delhi Public Library
Hit Counter
free hit counter